LEADER 00926nam0 22002531i 450 001 VAN0031244 005 20050228120000.0 010 $a88-11-60029-4 100 $a20041222d2004 |0itac50 ba 101 $aita 102 $aIT 105 $a|||| ||||| 200 1 $aˆLa ‰dignità della differenza$ecome evitare lo scontro delle civiltà$fJonathan Sacks 210 $aMilano$cGarzanti$d2004 215 $a249 p.$d22 cm. 620 $dMilano$3VANL000284 700 1$aSacks$bJonathan$3VANV025860$0514602 712 $aGarzanti $3VANV108333$4650 801 $aIT$bSOL$c20230616$gRICA 899 $aBIBLIOTECA DEL DIPARTIMENTO DI GIURISPRUDENZA$1IT-CE0105$2VAN00 912 $aVAN0031244 950 $aBIBLIOTECA DEL DIPARTIMENTO DI GIURISPRUDENZA$d00CONS VIII.EO.546 $e00 26352 20041222 996 $aDignità della differenza$9851243 997 $aUNICAMPANIA LEADER 02088nam0 2200445 i 450 001 VAN0132898 005 20230621120656.694 017 70$2N$a9783319057569 100 $a20210330d2014 |0itac50 ba 101 $aeng 102 $aCH 105 $a|||| ||||| 200 1 $aPolarization and CP Violation Measurements$eAngular Analysis of B -> ?K* Decays and Search for CP Violation at the Belle Experiment$eDoctoral Thesis accepted by Karlsruhe Institute of Technology, Germany$fMichael Prim 205 $aCham : Springer, 2014 210 $axv$d101 p.$cill. ; 24 cm 215 410 1$1001VAN0104193$12001 $aSpringer theses$erecognizing outstanding Ph.D. research$1210 $aBerlin$cSpringer$d2010- 500 1$3VAN0141038$aPolarization and CP Violation Measurements$91770433 606 $a81-XX$xQuantum theory [MSC 2020]$3VANC019967$2MF 606 $a00Bxx$xConference proceedings and collections of articles [MSC 2020]$3VANC021742$2MF 606 $a81V35$xNuclear physics [MSC 2020]$3VANC023270$2MF 610 $aBelle Experiment$9KW:K 610 $aCP Asymmetry$9KW:K 610 $aCP Violation$9KW:K 610 $aDecay Amplitude Analysis$9KW:K 610 $aMultivariate Analysis of Decay Data$9KW:K 610 $aPhysics beyond the Standard Model$9KW:K 610 $aRare B Meson Decays$9KW:K 610 $aSpeed-up of Numerical Integration$9KW:K 620 $aCH$dCham$3VANL001889 700 1$aPrim$bMichael$3VANV106735$0791815 712 $aSpringer $3VANV108073$4650 801 $aIT$bSOL$c20240614$gRICA 856 4 $uhttp://doi.org/10.1007/978-3-319-05756-9$zE-book ? Accesso al full-text attraverso riconoscimento IP di Ateneo, proxy e/o Shibboleth 899 $aBIBLIOTECA DEL DIPARTIMENTO DI MATEMATICA E FISICA$1IT-CE0120$2VAN08 912 $fN 912 $aVAN0132898 950 $aBIBLIOTECA DEL DIPARTIMENTO DI MATEMATICA E FISICA$d08CONS e-book 2067 $e08eMF2067 20210330 996 $aPolarization and CP Violation Measurements$91770433 997 $aUNICAMPANIA